| 000 | 00677nam a2200253Ia 4500 | ||
|---|---|---|---|
| 003 | OSt | ||
| 005 | 20221006143924.0 | ||
| 006 | a|||||r|||| 00| 0 | ||
| 007 | ta | ||
| 008 | 221006b |||||||| |||| 00| 0 eng d | ||
| 020 | _c334.00 | ||
| 024 | _a10,413 | ||
| 037 | _cTextual | ||
| 040 |
_aEASL _cEASL _beng |
||
| 041 |
_2eng _aeng |
||
| 082 | _aW.41.A22, M3 | ||
| 100 | _aAMES Roger T | ||
| 245 | 0 |
_aArt of rulership _b A study in ancient Chinese political thought |
|
| 260 |
_aHonolulu _bUniversity of Hawaii Press _c1983 |
||
| 300 |
_a277p. _ccm. |
||
| 490 | _v CEL | ||
| 942 |
_hW.41.A22, M3 _cTEXL _2CC |
||
| 999 |
_c1078499 _d1078499 |
||